01197nam a22002177a 450000500170000000800410001702000190005804000090007704100080008608200180009410000140011224500450012626000310017130000250020236500330022744000230026052006510028365000140093465000150094870000160096320220409093908.0220409b ||||| |||| 00| 0 eng d a978-8129136749 cAloy aeng 223a929bLALS aAnupa Lal aSri Ramana Maharshi:bSage of the People aNew DelhibRupa & Coc2002 a71 p.bHBc16x13 cm. 2Biographyb95.00c₹d95.00 aCharitavali Series aA series of biographies dedicated to the legends of India. "Charitavali is a series of biographies dedicated to the legendary figures of India. The series presents the lives of great kings, freedom fighters, political thinkers, social reformers, pioneers of industry, scientists, philosophers, artists, musicians, dancers, film stars, writers and sports people. The biographies have been written for the reader who is curious about the lives and achievements of these legends. Full of fascinating anecdotes and facts, written in an easy storytelling style, the biographies will make these great Indians and their times come alive for the reader." aBiography aSages Life aLAL (Anupa)